000 00676nam a2200193 ar4500
001 2639
005 20221127090527.0
008 110911s xxu a 00110 eng d
020 _a9780873896986(hpb) :
_cSR410.00
082 0 4 _a658.4013
_bC337 2008
245 0 4 _aThe certified six sigma green belt handbook /
_cRoderick Munro ... [et al.].
260 _aMilwaukee, Wisc. :
_bASQ Quality Press,
_c2008.
300 _axxxvi, 443 p. :
_bill. ;
_c24 cm.
_e2 CDs.
504 _aIncludes bibl. references and index.
650 4 _aQuality control
_xStatistical methods.
650 4 _aProduction control.
650 4 _aSix sigma(Quality control standard).
700 0 _aMunro, Roderick A.
999 _c2637
_d2637